<?xml version="1.0" encoding="UTF-8"?>
<record
    xmlns:xsi="http://www.w3.org/2001/XMLSchema-instance"
    xsi:schemaLocation="http://www.loc.gov/MARC21/slim http://www.loc.gov/standards/marcxml/schema/MARC21slim.xsd"
    xmlns="http://www.loc.gov/MARC21/slim">

  <leader>01813nam a22001817a 4500</leader>
  <controlfield tag="008">170609b        xxu||||| |||| 00| 0 eng d</controlfield>
  <datafield tag="020" ind1=" " ind2=" ">
    <subfield code="a">9780470655191</subfield>
  </datafield>
  <datafield tag="050" ind1=" " ind2=" ">
    <subfield code="a">RG101.I47</subfield>
  </datafield>
  <datafield tag="100" ind1=" " ind2=" ">
    <subfield code="a">Impey, Lawrence.</subfield>
  </datafield>
  <datafield tag="245" ind1=" " ind2=" ">
    <subfield code="a">Obstetrics and gynaecology. /</subfield>
    <subfield code="c">Lawrence Impey and Tim Child.</subfield>
  </datafield>
  <datafield tag="250" ind1=" " ind2=" ">
    <subfield code="a">4th ed.</subfield>
  </datafield>
  <datafield tag="260" ind1=" " ind2=" ">
    <subfield code="a">New Jersey:</subfield>
    <subfield code="b">Wiley-Blackwell,</subfield>
    <subfield code="c">2012.</subfield>
  </datafield>
  <datafield tag="300" ind1=" " ind2=" ">
    <subfield code="a">xiii, 345p.:</subfield>
    <subfield code="b">ill.;</subfield>
    <subfield code="c">25cm.</subfield>
  </datafield>
  <datafield tag="500" ind1=" " ind2=" ">
    <subfield code="a">Includes index.</subfield>
  </datafield>
  <datafield tag="505" ind1=" " ind2=" ">
    <subfield code="a">Contents: Gynaecology section: The History and examination  in gynaecology -- The Menstrual cycle and its disorders -- The Uterus and its abnomalities -- The Cervix and its disorders -- The Ovary and its disorders -- Disorders of the vulva and vagina -- Prolapse of the uterus and vagina -- Disorders of the urinary tract -- Endomentriosis and chronic pelvic pain -- Genital tract infections -- Fertility and subfertility -- Contraception -- The Menopause and post-reproductive health -- Disorders of early pregnancy -- Gynaecological operations -- Obstetrics section: The History and examination in obstetrics -- Antenatal care -- Congenital abnormalities and their identification -- Infections in pregnancy -- Hypertensive disorders in pregnancy -- Other medical disorders in pregnancy -- Red blood cell isoimmunization -- Preterm delivery -- Antepartum Haemorrhage -- Fetal growth, compromise and surveillance -- Abnormal lie and breech presentation -- Multiple pregnancy -- Labour 1: mechanism-anatomy and physiology -- Labour 2: management -- Labour 3: Special circumstances -- Instrumental and operative delivery -- Obstetric emergencies -- The Puerperium -- Birth statistics and audit -- Legal(UK) and ethical issues in obstetrics and gynaecology -- Gynaeclogy management section -- Obstetric management section.</subfield>
  </datafield>
  <datafield tag="700" ind1=" " ind2=" ">
    <subfield code="a">Child, Tim.</subfield>
  </datafield>
  <datafield tag="942" ind1=" " ind2=" ">
    <subfield code="2">lcc</subfield>
    <subfield code="c">BK</subfield>
  </datafield>
  <datafield tag="999" ind1=" " ind2=" ">
    <subfield code="c">6380</subfield>
    <subfield code="d">13880</subfield>
  </datafield>
  <datafield tag="952" ind1=" " ind2=" ">
    <subfield code="0">0</subfield>
    <subfield code="1">0</subfield>
    <subfield code="2">lcc</subfield>
    <subfield code="4">0</subfield>
    <subfield code="7">0</subfield>
    <subfield code="a">WIUC-1</subfield>
    <subfield code="b">WIUC-1</subfield>
    <subfield code="c">NURS L.</subfield>
    <subfield code="d">2017-06-09</subfield>
    <subfield code="l">0</subfield>
    <subfield code="o">RG101.I47</subfield>
    <subfield code="p">NURS/314/17</subfield>
    <subfield code="r">2017-06-09 00:00:00</subfield>
    <subfield code="t">1</subfield>
    <subfield code="w">2017-06-09</subfield>
    <subfield code="y">BK</subfield>
  </datafield>
  <datafield tag="952" ind1=" " ind2=" ">
    <subfield code="0">0</subfield>
    <subfield code="1">0</subfield>
    <subfield code="2">lcc</subfield>
    <subfield code="4">0</subfield>
    <subfield code="7">0</subfield>
    <subfield code="a">WIUC-1</subfield>
    <subfield code="b">WIUC-1</subfield>
    <subfield code="c">NURS L.</subfield>
    <subfield code="d">2017-06-09</subfield>
    <subfield code="l">0</subfield>
    <subfield code="o">RG101.I471</subfield>
    <subfield code="p">NURS/315/17</subfield>
    <subfield code="r">2017-06-09 00:00:00</subfield>
    <subfield code="t">2</subfield>
    <subfield code="w">2017-06-09</subfield>
    <subfield code="y">BK</subfield>
  </datafield>
  <datafield tag="952" ind1=" " ind2=" ">
    <subfield code="0">0</subfield>
    <subfield code="1">0</subfield>
    <subfield code="2">lcc</subfield>
    <subfield code="4">0</subfield>
    <subfield code="7">0</subfield>
    <subfield code="a">WIUC-1</subfield>
    <subfield code="b">WIUC-1</subfield>
    <subfield code="c">NURS L.</subfield>
    <subfield code="d">2017-06-09</subfield>
    <subfield code="l">0</subfield>
    <subfield code="o">RG101.I472</subfield>
    <subfield code="p">NURS/316/17</subfield>
    <subfield code="r">2017-06-09 00:00:00</subfield>
    <subfield code="t">3</subfield>
    <subfield code="w">2017-06-09</subfield>
    <subfield code="y">BK</subfield>
  </datafield>
</record>
